Detalles MARC
| 000 -CABECERA |
| campo de control de longitud fija |
01942nam a2200301 i 4500 |
| 003 - IDENTIFICADOR DEL NÚMERO DE CONTROL |
| campo de control |
DO-SdBNP |
| 005 - FECHA Y HORA DE LA ÚLTIMA TRANSACCIÓN |
| campo de control |
20260209071244.0 |
| 007 - CAMPO FIJO DE DESCRIPCIÓN FÍSICA--INFORMACIÓN GENERAL |
| campo de control de longitud fija |
ta |
| 008 - DATOS DE LONGITUD FIJA--INFORMACIÓN GENERAL |
| campo de control de longitud fija |
250516b2024 dr ||||| |||| 00| 0 spa d |
| 020 ## - NÚMERO INTERNACIONAL ESTÁNDAR DEL LIBRO |
| Número Internacional Estándar del Libro |
9789945223699 |
| 040 ## - FUENTE DE LA CATALOGACIÓN |
| Centro catalogador/agencia de origen |
DO-SdBNP |
| Lengua de catalogación |
spa |
| Centro/agencia transcriptor |
BNPHU |
| Normas de descripción |
rda |
| 041 ## - CÓDIGO DE LENGUA |
| Código de lengua del texto/banda sonora o título independiente |
spa |
| 082 #4 - NÚMERO DE LA CLASIFICACIÓN DECIMAL DEWEY |
| Número de clasificación |
324.7 |
| Número de documento/Ítem |
R311t |
| Número de edición |
22 |
| 245 10 - MENCIÓN DE TÍTULO |
| Título |
Recopilación de temas políticos-electorales I. Cursos intensivos sobre sistemas electorales en América Latina (tercer curso) : |
| Resto del título |
organización y registro electoral , tercer curso / |
| Mención de responsabilidad, etc. |
prólogo, Vanahí Bello Dotel |
| 250 ## - MENCIÓN DE EDICIÓN |
| Mención de edición |
Primera edición |
| 264 #1 - PRODUCCIÓN, PUBLICACIÓN, DISTRIBUCIÓN, FABRICACIÓN Y COPYRIGHT |
| Producción, publicación, distribución, fabricación y copyright |
Santo Domingo : |
| Nombre del de productor, editor, distribuidor, fabricante |
Fundación Friedrich Ebert, |
| Fecha de producción, publicación, distribución, fabricación o copyright |
2024. |
| 300 ## - DESCRIPCIÓN FÍSICA |
| Extensión |
224 páginas ; |
| Dimensiones |
22 cm. |
| 336 ## - TIPO DE CONTENIDO |
| Término de tipo de contenido |
texto |
| Código de tipo de contenido |
txt |
| Fuente |
rdacontent |
| 337 ## - TIPO DE MEDIO |
| Nombre/término del tipo de medio |
sinmediación |
| Código del tipo de medio |
n |
| Fuente |
rdamedia |
| 338 ## - TIPO DE SOPORTE |
| Nombre/término del tipo de soporte |
volumen |
| Código del tipo de soporte |
nc |
| Fuente |
rdacarrier |
| 505 ## - NOTA DE CONTENIDO CON FORMATO |
| Nota de contenido con formato |
Prólogo 15 -- Informe del tercer curso 19 -- Resumen curricular Carlos Alberto Urruty 23 -- Contenido 25 -- Tema 1. El contralor de los actos electorales en el derecho comparado 27 -- Tema 2. El régimen electoral uruguayo 35 -- Tema 3 El cuerpo electoral 49 -- Tema 4. Los órganos electorales 59 -- Tema 5. El registro cívico permanente 69 -- Tema 6. Los archivos electorales 79 -- Tema 7. Los partidos políticos 91 -- Tema 8. La organización de la elección 103 -- Tema 9. El desarrollo de la elección 111 -- Tema 10. El escrutinio departamental 119 -- Tema 11. Los recursos contra los actos y procedimientos electorales. Las nulidades electorales 125 -- Tema 12. Garantías electorales y elitos electorales 137 -- Tema 13. La adjudicación de cargos 147 -- Tea 14. Adjudicación de cargos y proclamación de candidatos de el sistema uruguayo 161 -- Tema 15. Consideraciones finales 171 |
| 590 ## - NOTA LOCAL (RLIN) |
| Nota local |
Inventariado, 2025/DG |
| 650 #4 - PUNTO DE ACCESO ADICIONAL DE MATERIA--TÉRMINO DE MATERIA |
| Término de materia o nombre geográfico como elemento de entrada |
Sistemas electorales |
| Subdivisión geográfica |
América Latina |
| 9 (RLIN) |
87784 |
| 650 #4 - PUNTO DE ACCESO ADICIONAL DE MATERIA--TÉRMINO DE MATERIA |
| Término de materia o nombre geográfico como elemento de entrada |
Elecciones |
| 9 (RLIN) |
6411 |
| 700 ## - PUNTO DE ACCESO ADICIONAL--NOMBRE DE PERSONA |
| Nombre de persona |
Bello Dotel, Vanahí, |
| Término indicativo de función/relación |
próloguista |
| 9 (RLIN) |
87478 |
| Código de función/relación |
pr. |
| 910 ## - DATOS DE OPCIÓN DEL USUARIO (OCLC) |
| Datos de opción del usuario |
DG |
| 942 ## - ELEMENTOS DE PUNTO DE ACCESO ADICIONAL (KOHA) |
| Fuente del sistema de clasificación o colocación |
Dewey Decimal Classification |
| Tipo de ítem Koha |
Libro |